Нормален изглед
MARC изглед
- биографски материали
Вход 08. Ключови думи
001 - Контролен номер на записа
- Контролно поле: 480103
003 - Код на организацията, даваща контролен номер
- Контролно поле: BLK
005 - Дата и час на последна промяна на записа
- Контролно поле: 20220826155509.0
008 - Данни с фиксирана дължина – обща информация
- Данни с фиксирана дължина : 220826|| aca||aabn | a|a d
153 ## - Ключови думи
- Ключова дума: биографски материали
942 ## - Системна служебна употреба
- Koha auth type: KEW